000 00743nam a22002417a 4500
003 DO-SdBNP
005 20180216125437.0
008 161031b 2006 xxu a 1 00| 0 spa d
020 _a0765276607
040 _aBPMSU
_bspa
_cBPMSU
082 _axxxx
_bD637h
100 1 _aDockendorf, Maureen
245 1 0 _aHogares alrededor del mundo /
_cMaureen Dockendorf, Sharon Jeroski
260 _aEstados Unidos :
_bCelebration Press,
_bPearson Learning Group ,
_c2006.
300 _a8 p. :
_bil. ;
_c25 cm.
490 1 _aiOpeners
500 _aConsultor de desarrollo de programa (K-2) Nell Duke
700 1 2 _aJeroski, Sharon
830 0 _aiOpeners
942 _2ddc
_cBK
945 _aInventariado, 2018/ YL
956 _aYLOCKWARD
_b10
_cBPMSU
999 _c12668
_d12668